BIBLIOTECA

SENCICO

Diseñar el jardín : guía completa de materiales y estructuras (Registro nro. 2138)

Detalles MARC
000 -LEADER
fixed length control field 00596nam a2200169Ia 4500
005 - DATE AND TIME OF LATEST TRANSACTION
control field 20251020182533.0
008 - FIXED-LENGTH DATA ELEMENTS--GENERAL INFORMATION
fixed length control field 200515s9999 xx 000 0 und d
082 ## - DEWEY DECIMAL CLASSIFICATION NUMBER
Classification number 712.39/S44
100 ## - MAIN ENTRY--PERSONAL NAME
Personal name STEVENS, David
245 #0 - TITLE STATEMENT
Title Diseñar el jardín : guía completa de materiales y estructuras
260 ## - PUBLICATION, DISTRIBUTION, ETC.
Place of publication, distribution, etc. Madrid
260 ## - PUBLICATION, DISTRIBUTION, ETC.
Date of publication, distribution, etc. 1996
500 ## - GENERAL NOTE
General note 1 ejemplar
520 ## - SUMMARY, ETC.
Summary, etc. Le muestra como diseñar el jardín, desde los elementos básicos hasta los últimos toques, al tiempo que presenta la variada gama de materiales y estructuras que se encuentran hoy en día
650 ## - SUBJECT ADDED ENTRY--TOPICAL TERM
Topical term or geographic name entry element JARDINES
942 ## - ADDED ENTRY ELEMENTS (KOHA)
Koha item type Libros
Existencias
Fecha de la última vez que lo usaron Pago total Signatura topográfica completa Código de barras Precio efectivo desde Tipo de documento Estado perdido Estado dañado No es para préstamo Retirado Ubicación permanente Ubicación actual Fecha de adquisición
15/05/2020   712.39/S44 Bib-Lima15052138 15/05/2020 Libros         Biblioteca Central Lima Biblioteca Central Lima 15/05/2020